MARC

LEADER 00000nam0a2200000 4500
001 227288
005 20231101230805.0
035 |a (RuTPU)RU\TPU\book\247704 
090 |a 227288 
100 |a 20121204d1966 km y0rusy50 ca 
101 1 |a rus  |c ger 
102 |a RU 
105 |a a z 001zy 
200 1 |a Практическая астрономия с визуальными инструментами  |e пер. с нем.  |f Ю. Дик 
210 |a Москва  |c Недра  |d 1966 
215 |a 232 с.  |c ил. 
320 |a Именной и предметный указатель: 227-229. 
606 |a Практическая астрономия  |2 stltpush  |3 (RuTPU)RU\TPU\subj\51094  |9 69703 
606 |a Астрономические инструменты и приборы  |2 stltpush  |3 (RuTPU)RU\TPU\subj\29556  |9 52855 
610 1 |a астрономия 
610 1 |a угломерные инструменты 
610 1 |a теория 
610 1 |a классификация 
610 1 |a меридианный круг 
610 1 |a экваториал 
610 1 |a микрометр 
610 1 |a время 
610 1 |a широты 
610 1 |a определение 
675 |a 520  |v 3 
700 1 |a Дик  |b Ю.  |g Юлиус 
801 1 |a RU  |b 63413507  |c 20121204 
801 2 |a RU  |b 63413507  |c 20140213  |g RCR 
942 |c BK